MARC details
| 000 -LEADER |
| fixed length control field |
02199cam a22005055i 4500 |
| 001 - CONTROL NUMBER |
| control field |
14884736 |
| 003 - CONTROL NUMBER IDENTIFIER |
| control field |
EG-ScBUE |
| 005 - DATE AND TIME OF LATEST TRANSACTION |
| control field |
20200812143950.0 |
| 008 - FIXED-LENGTH DATA ELEMENTS--GENERAL INFORMATION |
| fixed length control field |
190712t20192019nyua f 000 0 eng d |
| 020 ## - INTERNATIONAL STANDARD BOOK NUMBER |
| International Standard Book Number |
9781260440997 |
| 020 ## - INTERNATIONAL STANDARD BOOK NUMBER |
| International Standard Book Number |
1260440990 |
| 020 ## - INTERNATIONAL STANDARD BOOK NUMBER |
| International Standard Book Number |
9781260440980 (audio DVD) |
| 020 ## - INTERNATIONAL STANDARD BOOK NUMBER |
| International Standard Book Number |
1260440982 (audio DVD) |
| 035 ## - SYSTEM CONTROL NUMBER |
| System control number |
(OCoLC)on1109768267 |
| 035 ## - SYSTEM CONTROL NUMBER |
| System control number |
14884736 |
| 040 ## - CATALOGING SOURCE |
| Original cataloging agency |
CGP |
| Language of cataloging |
eng |
| Description conventions |
rda |
| Transcribing agency |
CGP |
| Modifying agency |
OCLCO |
| -- |
OCLCF |
| -- |
EG-ScBUE |
| 050 #4 - LIBRARY OF CONGRESS CALL NUMBER |
| Classification number |
PE1128 |
| Item number |
.O445 2019 v. 2 |
| 082 04 - DEWEY DECIMAL CLASSIFICATION NUMBER |
| Classification number |
428.0076 |
| Item number |
OFF |
| Edition number |
22 |
| 245 00 - TITLE STATEMENT |
| Title |
Official TOEFL iBT tests. |
| 246 3# - VARYING FORM OF TITLE |
| Title proper/short title |
Official Test of English as a Foreign Language iBT tests |
| 246 1# - VARYING FORM OF TITLE |
| Display text |
At head of title: |
| Title proper/short title |
ETS |
| 246 3# - VARYING FORM OF TITLE |
| Title proper/short title |
ETS Official Test of English as a Foreign Language iBT tests |
| 246 3# - VARYING FORM OF TITLE |
| Title proper/short title |
Educational Testing Service Official TOEFL iBT tests |
| 246 3# - VARYING FORM OF TITLE |
| Title proper/short title |
Educational Testing Service Official Test of English as a Foreign Language iBT tests |
| 250 ## - EDITION STATEMENT |
| Edition statement |
Second edition. |
| 264 #1 - PUBLICATION, DISTRIBUTION, ETC. (IMPRINT) |
| Place of publication, distribution, etc |
New York : |
| Name of publisher, distributor, etc |
McGraw Hill Education, |
| Date of publication, distribution, etc |
[2019] |
| 264 #4 - PUBLICATION, DISTRIBUTION, ETC. (IMPRINT) |
| Date of publication, distribution, etc |
c2019 |
| 300 ## - PHYSICAL DESCRIPTION |
| Extent |
462 pages : |
| Other physical details |
illustrations ; |
| Dimensions |
28 cm + |
| Accompanying material |
1 audio DVD-ROM (4 3/4 in.) |
| 336 ## - CONTENT TYPE |
| Content type term |
text |
| Content type code |
txt |
| Source |
rdacontent |
| 336 ## - CONTENT TYPE |
| Content type term |
still image |
| Content type code |
sti |
| Source |
rdacontent |
| 336 ## - CONTENT TYPE |
| Content type term |
spoken word |
| Content type code |
spw |
| Source |
rdacontent |
| 337 ## - MEDIA TYPE |
| Media type term |
unmediated |
| Media type code |
n |
| Source |
rdamedia |
| 337 ## - MEDIA TYPE |
| Media type term |
audio |
| Media type code |
s |
| Source |
rdamedia |
| 338 ## - CARRIER TYPE |
| Carrier type term |
volume |
| Carrier type code |
nc |
| Source |
rdacarrier |
| 338 ## - CARRIER TYPE |
| Carrier type term |
audio disc |
| Carrier type code |
sd |
| Source |
rdacarrier |
| 505 0# - FORMATTED CONTENTS NOTE |
| Formatted contents note |
About the TOEFL iBT test -- How to use this book/DVD set -- TOEFL iBT test 1 -- TOEFL iBT test 2 -- TOEFL iBT test 3 -- TOEFL iBT test 4 -- TOEFL iBT test 5 -- Appendix A: Speaking and writing scoring rubrics -- Appendix B: Audio track transcripts. |
| 520 ## - SUMMARY, ETC. |
| Summary, etc |
Offers test preparation for the TOEFL iBT test, including five full-length tests designed to measure test readiness. |
| 650 #7 - SUBJECT ADDED ENTRY--TOPICAL TERM |
| Topical term or geographic name as entry element |
Test of English as a Foreign Language |
| Form subdivision |
Study guides. |
| Source of heading or term |
BUEsh |
| 650 #7 - SUBJECT ADDED ENTRY--TOPICAL TERM |
| Topical term or geographic name as entry element |
English language |
| Form subdivision |
Textbooks for foreign speakers. |
| Source of heading or term |
BUEsh |
| 650 #7 - SUBJECT ADDED ENTRY--TOPICAL TERM |
| Topical term or geographic name as entry element |
English language |
| General subdivision |
Examinations |
| Form subdivision |
Study guides. |
| Source of heading or term |
BUEsh |
| 650 #7 - SUBJECT ADDED ENTRY--TOPICAL TERM |
| Topical term or geographic name as entry element |
Test of English as a Foreign Language |
| Form subdivision |
Study guides |
| General subdivision |
Audio-visual aids. |
| Source of heading or term |
BUEsh |
| 653 ## - INDEX TERM--UNCONTROLLED |
| Resource For college |
Humanities: English |
| Arrived date list |
July2020 |
| 655 ## - INDEX TERM--GENRE/FORM |
| Form subdivision |
Reading book |
| 9 (RLIN) |
34232 |
| 942 ## - ADDED ENTRY ELEMENTS (KOHA) |
| Source of classification or shelving scheme |
Dewey Decimal Classification |
| Koha item type |
Book - Borrowing |